|
|
|
|
| LEADER |
00000nbm0a2200000 4500 |
| 001 |
130798 |
| 005 |
20240117155526.0 |
| 035 |
|
|
|a (RuTPU)RU\TPU\book\141667
|
| 090 |
|
|
|a 130798
|
| 100 |
|
|
|a 20080208d1972 k y0rusy50 ca
|
| 101 |
0 |
|
|a rus
|
| 102 |
|
|
|a RU
|
| 105 |
|
|
|a a m 001zy
|
| 200 |
1 |
|
|a Усовершенствовние некоторых методов исследования кинетики переноса протона и комплексообразования в растворах
|e диссертация на соискание ученой степени кандидата химических наук
|f В. Т. Новиков
|g Томский политехнический институт ; науч. рук. В. П. Лопатинский , В. Л. Ивасенко
|
| 210 |
|
|
|a Томск
|d 1972
|
| 215 |
|
|
|a 92 л.
|c ил.
|
| 320 |
|
|
|a Библиогр.: с. 81-90 (210 назв.)
|
| 610 |
1 |
|
|a диссертации
|
| 610 |
1 |
|
|a растворы
|
| 610 |
1 |
|
|a комплексообразование
|
| 610 |
1 |
|
|a перенос
|
| 610 |
1 |
|
|a кинетика
|
| 610 |
1 |
|
|a протоны
|
| 610 |
1 |
|
|a усовершенствование
|
| 610 |
1 |
|
|a быстрые химические реакции
|
| 610 |
1 |
|
|a методы исследования
|
| 675 |
|
|
|a 544.431(04)
|v 3
|
| 700 |
|
1 |
|a Новиков
|b В. Т.
|c химик
|c доцент Томского политехнического университета, кандидат химических наук
|f 1946-
|g Виктор Тимофеевич
|3 (RuTPU)RU\TPU\pers\28718
|9 13515
|
| 702 |
|
1 |
|a Лопатинский
|b В. П.
|c российский химик
|c Заслуженный профессор Томского политехнического университета
|f 1924-1999
|g Вадим Петрович
|3 (RuTPU)RU\TPU\pers\19835
|4 727
|
| 702 |
|
1 |
|a Ивасенко
|b В. Л.
|4 727
|
| 712 |
0 |
2 |
|a Томский политехнический институт
|3 (RuTPU)RU\TPU\col\1123
|
| 801 |
|
1 |
|a RU
|b 63413507
|c 20080208
|g PSBO
|
| 801 |
|
2 |
|a RU
|b 63413507
|c 20170111
|g RCR
|
| 942 |
|
|
|c BK
|